SNL - Bring In Reinforcements II (Picture Click) Quiz Stats

Quiz not verified by Sporcle

Score 0/12 Timer 03:00
0 Plays Today
% Correct
Opera Man
(Adam Sandler, John Lovitz & Glenn Close)
96.9%
The Dancing Mascot
(Justin Timberlake & Lady Gaga)
96.3%
The Church Lady
(Dana Carvey & John Goodman)
95.4%
MacGruber
(Will Forte & Richard Dean Anderson)
94.7%
Jacob
(Vanessa Bayer & Billy Crystal)
92.4%
Sally O'Malley
(Molly Shannon & Betty White)
90.1%
Pat
(Julia Sweeney & Melanie Hutsell)
89.5%
Goat Boy
(Jim Breuer & David Duchovny)
86%
Linda Richman
(Mike Myers, Madonna & Roseanne)
85.6%
Stuart Smalley
(Al Franken & Kiefer Sutherland)
82.7%
Tommy Flanagan
(Jon Lovitz & Tom Hanks)
81.7%
Mr. Peepers
(Chris Kattan & Dwayne Johnson)
77.3%

You're not logged in!

Compare scores with friends on all Sporcle quizzes.
Sign Up with Email
OR
Log In

You Might Also Like...

Show Comments

Extras

Top Quizzes Today


Score Distribution

Your Account Isn't Verified!

In order to create a playlist on Sporcle, you need to verify the email address you used during registration. Go to your Sporcle Settings to finish the process.

Report this User

Report this user for behavior that violates our Community Guidelines.

Details: